• 首页
  • 本馆介绍
  • 公告通知
  • 最新文献
  • 馆藏检索
  • 电子资源
  • 读者导购
  • 参考咨询
  • 我的图书馆
  • 登录
  • 详细信息显示
  • 放入我的书架
  • 预约/预借图书
  • 作者相关作品
  • 分类相关作品
  • 丛书相关作品
  • 出版社相关作品

书目信息

  • 表格格式
  • 工作单格式
  • 卡片格式
题名:
歌德名作欣赏
    
 
作者: 高中甫 主编
分册:  
出版信息: 北京   中国和平出版社  1996
页数: 419页
开本: 20cm
丛书名: 名家析名著丛书
单 册:
中图分类: I516.064
科图分类:
主题词:
电子资源:
ISBN: 978-7-80101-692-8
000 00723nam2 2200241 450
001 0100578476
005 20101103094629.0
010    @a978-7-80101-692-8@dCNY19.00
100    @a20021005d1996 em y0chiy0110 ea
101 0  @achi
102    @aCN@b110000
105    @ay zr 000zy
106    @ar
200 1  @a歌德名作欣赏@9Ge De Ming Zuo Xin Shang @f高中甫主编@b专著
210    @a北京@c中国和平出版社@d1996
215    @a419页@d20cm
225 2  @a名家析名著丛书
410  0 @12001 @a名家析名著丛书
600  0 @a歌德@c(Goethe, Johann Wolfgang Von@f1749-1832)@x文学评论
690    @aI516.064@v3
701  0 @a高中甫@f(1933~)@9gao zhong fu@4主编
801  0 @aCN@bAiZhiMarc@c19970624
905    @aBZT@dI516.06@e1@f2@sI516.06/1
    
    歌德名作欣赏/高中甫主编.-北京:中国和平出版社,1996
    419页;20cm.-(名家析名著丛书)
    
    
    ISBN 978-7-80101-692-8:CNY19.00
    
●
相关链接 在五车中查询图书 在当当中查询图书 在豆瓣中查询图书


正题名:歌德名作欣赏     索取号:I516.06/1         预约/预借

序号 登录号 条形码 馆藏地/架位号 状态 备注
1 2000115726   2000115726   旧书回溯/ [索取号:I516.06/1] 在馆    
2 2000115727   2000115727   旧书回溯/ [索取号:I516.06/1] 在馆    
山东省滨州职业学院图书馆 欢迎您!
大连网信软件有限公司© 版权所有